000 00485nam a2200181Ia 4500
001 11334
005 20260306162820.0
008 260306t2022||||xx |||||||||||||| ||spa||
041 _aESP
082 _a985.032
_bL21
100 _aLamana, Gonzalo
_eAUT
245 0 _aCómo piensan los indios:
_blos intelectuales andinos coloniales y la cuestión del racismo
260 _c2022
300 _a243 páginas :
_c24 cm.
650 _aGEN
654 _aCHU
942 _cLIB
_dJUS
_fJUS
_2ddc
_n
999 _c11334
_d11334